[Event "Medellin Sub zt 2.3.2"]
[Site "Medellin"]
[Date "2025.04.16"]
[Round "5"]
[White "Pena Duran, Dilson Alejandro"]
[Black "Borges Oliveros, Sebastian Francisco"]
[Result "1-0"]
[WhiteElo "2252"]
[BlackElo "2059"]
[PlyCount "95"]
[EventDate "2025.04.14"]
[EventType "swiss"]
[EventRounds "9"]
[EventCountry "COL"]
[SourceTitle "CB18_2025"]
[SourceDate "2025.04.30"]
[SourceVersion "1"]
[SourceVersionDate "2025.04.30"]
[SourceQuality "1"]

1. e4 c5 2. Nf3 e6 3. d4 cxd4 4. Nxd4 a6 5. g3 d5 6. Nb3 Nf6 7. exd5 exd5 8. Bg2 Bg4 9. Qd3 Nc6 10. 0-0 Be7 11. Nc3 Nb4 12. Qd2 Bf5 13. Nd4 Bg6 14. Nce2 0-0 15. Nf4 Ne4 16. Qd1 Bf6 17. Be3 Re8 18. c3 Nc6 19. Nb3 Ne7 20. Nc5 Rc8 21. Nxg6 Nxg6 22. Nxb7 Qd7 23. Bxe4 Qxb7 24. Bxd5 Qxb2 25. Qb3 Qxb3 26. axb3 Red8 27. Rfd1 Ne7 28. Bb7 Rb8 29. Bf4 Rxd1+ 30. Rxd1 Re8 31. c4 a5 32. c5 g5 33. Bc7 Bc3 34. c6 Bb4 35. Bd8 Nxc6 36. Bxc6 Re6 37. Bd5 Re5 38. Bc4 h6 39. Bf6 Re1+ 40. Rxe1 Bxe1 41. Kf1 Bb4 42. Ke2 g4 43. f3 h5 44. fxg4 hxg4 45. Bd3 Bc5 46. Bf5 Bg1 47. Bxg4 Bxh2 48. Kf2 1-0

[Event "La Florida CupT 23rd"]
[Site "La Florida"]
[Date "2023.07.15"]
[Round "2.3"]
[White "Zambrano Rodriguez, Aaron Jose"]
[Black "Borges Oliveros, Sebastian Francisco"]
[Result "0-1"]
[WhiteElo "1871"]
[BlackElo "1879"]
[PlyCount "110"]
[EventDate "2023.07.15"]
[EventType "team-swiss"]
[EventRounds "5"]
[EventCountry "VEN"]
[SourceTitle "EXT 2024"]
[Source "ChessBase"]
[SourceDate "2023.10.10"]
[SourceVersion "1"]
[SourceVersionDate "2023.10.10"]
[SourceQuality "1"]
[WhiteTeam "Peon de Oro"]
[BlackTeam "Gambito Dama"]
[WhiteTeamCountry "VEN"]
[BlackTeamCountry "VEN"]

1. e4 e6 2. d4 d5 3. Nd2 c5 4. c3 cxd4 5. cxd4 Nc6 6. Ngf3 dxe4 7. Nxe4 Be7 8. Bd3 Nf6 9. h4 Bd7 10. a3 Qb6 11. Bc2 a5 12. Bf4 Nxe4 13. Bxe4 Bf6 14. Be3 Ne7 15. 0-0 Nd5 16. Bd2 0-0 17. Ng5 Bxg5 18. Bxg5 h6 19. Bc1 Nf6 20. Bc2 Rfd8 21. a4 Bc6 22. Be3 Qxb2 23. Rb1 Qa3 24. Qd2 Qe7 25. f3 Qf8 26. Bf4 Nd5 27. Be5 Qe7 28. Rfe1 Nb4 29. Be4 Rac8 30. g3 Qd7 31. Bxc6 Nxc6 32. Re4 Nxe5 33. Rxe5 Qxa4 34. Rxa5 Rxd4 35. Qe1 Qd7 36. Rab5 Rc7 37. R5b2 Rd3 38. Kg2 Qd5 39. Qe2 Rcc3 40. Rf1 b5 41. Rf2 g6 42. g4 Rc4 43. Kh2 b4 44. Kg3 b3 45. Qe1 Rcc3 46. Qe2 e5 47. Kg2 Qd4 48. Qe1 Rxf3 49. Rxf3 Rxf3 50. Kxf3 Qxb2 51. Qb4 Qc2 52. Qb8+ Kh7 53. Qxe5 b2 54. h5 b1Q 55. hxg6+ Qxg6 0-1

[Event "Hibrido del Sur U2200 op 4th"]
[Site "Tornelo INT"]
[Date "2021.12.17"]
[Round "5"]
[White "Borges Oliveros, Sebastian Francisco"]
[Black "Rojas, Luis Gabriel"]
[Result "0-1"]
[WhiteElo "1818"]
[BlackElo "1948"]
[PlyCount "104"]
[EventDate "2021.12.17"]
[EventType "swiss"]
[EventRounds "6"]
[EventCountry "VEN"]
[SourceTitle "CBM 206 Extra"]
[Source "ChessBase"]
[SourceDate "2022.03.31"]
[SourceVersion "1"]
[SourceVersionDate "2022.03.31"]
[SourceQuality "1"]

1. Nf3 Nf6 2. c4 g6 3. g3 Bg7 4. d4 d6 5. Bg2 0-0 6. 0-0 Nbd7 7. Nc3 e5 8. dxe5 dxe5 9. Qc2 c6 10. b3 a5 11. Ba3 Re8 12. Rad1 Qb6 13. Ne1 Nc5 14. Nd3 Nxd3 15. exd3 Bf5 16. Rfe1 Rad8 17. Ne4 Nxe4 18. dxe4 Bg4 19. Rxd8 Rxd8 20. h3 Be6 21. Rd1 Bf8 22. Bxf8 Kxf8 23. Rxd8+ Qxd8 24. Qc3 f6 25. Kh2 b6 26. c5 b5 27. Bf1 Qd4 28. Qxd4 exd4 29. f4 Ke7 30. Bd3 b4 31. Kg2 a4 32. Bc2 f5 33. exf5 gxf5 34. Kf2 a3 35. Ke2 Bd5 36. Kd2 Ke6 37. g4 Be4 38. gxf5+ Kxf5 39. Bd3 Kxf4 40. Bc4 Ke5 41. h4 h6 42. h5 Bb1 43. Kc1 Bf5 44. Kd2 Bg4 45. Bf7 Be6 46. Be8 Kd5 47. Kc2 Kxc5 48. Bg6 Kd5 49. Bd3 Ke5 50. Bf1 Bg4 51. Kd3 Bxh5 52. Kc4 Ke4 0-1

[Event "Hibrido del Sur U2200 op 4th"]
[Site "Tornelo INT"]
[Date "2021.12.17"]
[Round "6"]
[White "Perez Sanchez, David"]
[Black "Borges Oliveros, Sebastian Francisco"]
[Result "1/2-1/2"]
[WhiteElo "1857"]
[BlackElo "1818"]
[PlyCount "145"]
[EventDate "2021.12.17"]
[EventType "swiss"]
[EventRounds "6"]
[EventCountry "VEN"]
[SourceTitle "CBM 206 Extra"]
[Source "ChessBase"]
[SourceDate "2022.03.31"]
[SourceVersion "1"]
[SourceVersionDate "2022.03.31"]
[SourceQuality "1"]

1. e4 c5 2. Nf3 d6 3. d4 Nf6 4. dxc5 Nxe4 5. cxd6 Nc6 6. Bd3 Nxd6 7. 0-0 g6 8. Re1 Bg7 9. Nc3 0-0 10. Bf4 Bg4 11. h3 Bxf3 12. Qxf3 e5 13. Be3 f5 14. Qd5+ Nf7 15. Bc5 Qxd5 16. Nxd5 Rfd8 17. Nc7 Rac8 18. Ne6 e4 19. Bxe4 fxe4 20. Nxd8 Ncxd8 21. Ba3 Rxc2 22. Rxe4 Bxb2 23. Re8+ Kg7 24. Bf8+ Kf6 25. Rae1 Bd4 26. Be7+ Kf5 27. g4+ Kf4 28. Bh4 Kf3 29. Bg3 Rxf2 30. Bxf2 Bxf2+ 31. Kh2 Bg3+ 32. Kg1 Bxe1 33. Rxe1 Kg3 34. Re3+ Kf4 35. Kf2 Ne5 36. Ra3 Ndc6 37. Ra4+ Kg5 38. Kg3 Kf6 39. Kf4 g5+ 40. Ke4 Ke6 41. Ra3 b5 42. Rb3 b4 43. Rb1 a5 44. Rc1 a4 45. Rc5 Kd6 46. Rd5+ Ke6 47. Rb5 h6 48. Rb6 Kd6 49. Rb5 Nd7 50. Rd5+ Ke6 51. Rb5 Nf6+ 52. Kd3 Nd5 53. Kc4 Ne5+ 54. Kd4 Nc6+ 55. Kc5 Nce7 56. Ra5 b3 57. axb3 axb3 58. Rb5 Ke5 59. Rxb3 Kf4 60. Kd4 Nf6 61. Re3 Nc6+ 62. Kd3 Ne5+ 63. Ke2 Nexg4 64. Rf3+ Ke5 65. hxg4 Nxg4 66. Rf8 Nf6 67. Kf3 Kf5 68. Kg3 Kg6 69. Ra8 h5 70. Ra5 h4+ 71. Kh3 Kh5 72. Re5 Kg6 73. Ra5 1/2-1/2

[Event "Hibrido del Sur U2200 op 4th"]
[Site "Tornelo INT"]
[Date "2021.12.17"]
[Round "1"]
[White "Vasquez Vargas, Henry Richard"]
[Black "Borges Oliveros, Sebastian Francisco"]
[Result "1-0"]
[WhiteElo "2137"]
[BlackElo "1818"]
[PlyCount "97"]
[EventDate "2021.12.17"]
[EventType "swiss"]
[EventRounds "6"]
[EventCountry "VEN"]
[SourceTitle "CBM 206 Extra"]
[Source "ChessBase"]
[SourceDate "2022.03.31"]
[SourceVersion "1"]
[SourceVersionDate "2022.03.31"]
[SourceQuality "1"]

1. d4 Nf6 2. c4 b6 3. Nf3 Bb7 4. g3 e6 5. Bg2 Be7 6. 0-0 0-0 7. Nc3 d6 8. Qc2 c5 9. e4 cxd4 10. Nxd4 Nbd7 11. Rd1 Qc8 12. b3 Nc5 13. h3 Rd8 14. Be3 a6 15. g4 h6 16. Rac1 Qc7 17. f4 d5 18. cxd5 exd5 19. exd5 Rac8 20. Qf2 Qb8 21. Nf5 Bd6 22. Nxd6 Qxd6 23. g5 hxg5 24. fxg5 Ne8 25. Bf4 Qg6 26. Qg3 a5 27. d6 Bxg2 28. Kxg2 Ne4 29. Nxe4 Qxe4+ 30. Qf3 Qxf3+ 31. Kxf3 Rxc1 32. Rxc1 Nxd6 33. Rd1 Nb7 34. Rxd8+ Nxd8 35. Bc7 Nc6 36. Bxb6 Kf8 37. Ke4 Ke7 38. Bd4 g6 39. Bc5+ Ke6 40. a3 Ne5 41. b4 Nc4 42. b5 Nd2+ 43. Kd3 Nf3 44. b6 Kd7 45. Be3 Ne5+ 46. Kd4 Nf3+ 47. Kc5 Ne5 48. b7 Ke6 49. Kb6 1-0

[Event "Pan American-ch Hybrid U14 31st"]
[Site "Tornelo INT"]
[Date "2021.09.04"]
[Round "4"]
[White "Borges Oliveros, Sebastian Francisco"]
[Black "Caceres Sandoval, Eduardo"]
[Result "1/2-1/2"]
[WhiteElo "1636"]
[BlackElo "1772"]
[PlyCount "85"]
[EventDate "2021.09.04"]
[EventType "swiss"]
[EventRounds "9"]
[EventCountry "NET"]
[SourceTitle "EXT 2023"]
[Source "ChessBase"]
[SourceDate "2022.10.05"]
[SourceVersion "1"]
[SourceVersionDate "2022.10.05"]
[SourceQuality "1"]

1. d4 Nf6 2. c4 g6 3. Nc3 d5 4. Nf3 Bg7 5. e3 0-0 6. Bd3 dxc4 7. Bxc4 c5 8. 0-0 Nc6 9. d5 Na5 10. Be2 Bf5 11. Nh4 Be4 12. Nxe4 Nxe4 13. f3 Nd6 14. Rb1 Nac4 15. b3 Nb6 16. e4 Bd4+ 17. Kh1 e6 18. g3 exd5 19. Bd3 Qd7 20. Bb2 Bxb2 21. Rxb2 dxe4 22. fxe4 Qe6 23. Re2 c4 24. Bc2 Nb5 25. Ref2 Rad8 26. Qc1 Nd4 27. Rf6 Qg4 28. R1f4 Qe2 29. Rf2 Qg4 30. R6f4 Qe6 31. Bd1 cxb3 32. axb3 Nxb3 33. Bxb3 Qxb3 34. Qc7 Rd7 35. Qc5 Nc4 36. Nf5 Rd1+ 37. Kg2 gxf5 38. Rg4+ fxg4 39. Qg5+ Kh8 40. Qf6+ Kg8 41. Qg5+ Kh8 42. Qf6+ Kg8 43. Qg5+ 1/2-1/2

[Event "Pan American-ch Hybrid U14 31st"]
[Site "Tornelo INT"]
[Date "2021.09.04"]
[Round "1"]
[White "Colodro Pacajes, Santos Mateo"]
[Black "Borges Oliveros, Sebastian Francisco"]
[Result "0-1"]
[WhiteElo "1182"]
[BlackElo "1636"]
[PlyCount "36"]
[EventDate "2021.09.04"]
[EventType "swiss"]
[EventRounds "9"]
[EventCountry "NET"]
[SourceTitle "EXT 2023"]
[Source "ChessBase"]
[SourceDate "2022.10.05"]
[SourceVersion "1"]
[SourceVersionDate "2022.10.05"]
[SourceQuality "1"]

1. d4 f5 2. Bf4 Nf6 3. e3 g6 4. Nf3 Bg7 5. c4 0-0 6. h4 h6 7. Bd3 d6 8. Bc2 Qe8 9. Nbd2 Nbd7 10. Qe2 e5 11. dxe5 dxe5 12. Bh2 Ng4 13. 0-0-0 e4 14. Ng1 Nxh2 15. Rxh2 Qe5 16. Nb1 Qxb2+ 17. Kd2 Qb4+ 18. Kc1 Bb2# 0-1

[Event "Pan American-ch Hybrid U14 31st"]
[Site "Tornelo INT"]
[Date "2021.09.04"]
[Round "6"]
[White "De Albuquerque, Ian Telek C"]
[Black "Borges Oliveros, Sebastian Francisco"]
[Result "1-0"]
[WhiteElo "1923"]
[BlackElo "1636"]
[PlyCount "51"]
[EventDate "2021.09.04"]
[EventType "swiss"]
[EventRounds "9"]
[EventCountry "NET"]
[SourceTitle "EXT 2023"]
[Source "ChessBase"]
[SourceDate "2022.10.05"]
[SourceVersion "1"]
[SourceVersionDate "2022.10.05"]
[SourceQuality "1"]

1. d4 f5 2. Nc3 Nf6 3. Bg5 e6 4. f3 Be7 5. e4 fxe4 6. fxe4 0-0 7. Nh3 c5 8. d5 Nxd5 9. Bxe7 Nxe7 10. Qd6 b6 11. 0-0-0 Bb7 12. Bc4 Qe8 13. Nb5 Nc8 14. Qd2 Bxe4 15. Nc7 Qe7 16. Rhe1 Qh4 17. g3 Qg4 18. Nf2 Rxf2 19. Qxf2 d5 20. Nxa8 Nc6 21. Rf1 Qg5+ 22. Qf4 Qe7 23. Bd3 e5 24. Qg4 Nd6 25. Bxe4 Nxe4 26. Rxd5 1-0